00266nam a2200121Ia 4500008004100000100002100041245001500062260002200077300000700099650001400106942000700120999001700127190216s9999||||xx |||||||||||||| ||und|| aKunchiraman Nair 0aKaliyachan bPk Brothersc1954 a64 aKavithkal cBK c27046d27046